000 00644nam a22002177a 4500
005 20251108164923.0
008 250721s2002 xx 000 0 ara d
082 1 4 _a658.151/آدم
100 1 _aآل آدم، يوحنا
245 1 0 _aالمحاسبة الإدارية و السياسات الإدارية المعاصرة /
264 1 _aعمان :
_bدار الحامد،
_c2002.
300 _a562ص
650 1 7 _aالمحاسبة
650 1 7 _aالإدارة
650 1 7 _aالميزانيات
650 1 7 _aالتخطيط
650 1 7 _aالإقتصاد
700 1 _aالرزق، صالح
942 _2ddc
_cBK
999 _c17471
_d17471